01454nam a2200373Ia 4500001001200000003000800012006001900020007001500039008004100054010001700095020003900112020003800151020003600189040002100225035002100246050002600267082001600293100002300309245012700332260005200459300001400511490003500525504005100560533015200611600003500763600002800798650002300826650001600849650002600865655002900891710001700920856012600937999001701063ebr10604757CaPaEBRm u cr cn|||||||||120702s2012 inu sb s001 0 eng d z 2012022626 z9780253006189 (cloth : alk. paper) z9780253006202 (pbk. : alk. paper) z9780253006226 (electronic book) aCaPaEBRcCaPaEBR a(OCoLC)81547105814aBH301.I52bS37 2012eb04a111/.852231 aSchmidt, Dennis J.10aBetween word and imageh[electronic resource] :bHeidegger, Klee, and Gadamer on gesture and genesis /cDennis J. Schmidt. aBloomington :bIndiana University Press,c2012. ax, 187 p.0 aStudies in Continental thought aIncludes bibliographical references and index. aElectronic reproduction.bPalo Alto, Calif. :cebrary,d2011.nAvailable via World Wide Web.nAccess may be limited to ebrary affiliated libraries.10aHeidegger, Martin,d1889-1976.10aKlee, Paul,d1879-1940. 0aImage (Philosophy) 0aAesthetics. 0aThought and thinking. 7aElectronic books.2local2 aebrary, Inc.40uhttp://site.ebrary.com/lib/rucke/Doc?id=10604757zAn electronic book accessible through the World Wide Web; click to view c97154d97154